000 00723nam a2200217Ia 4500
003 GCL
008 140319s9999 xx 000 0 ara d
040 _aGCL /
_cGCL
082 0 4 _a973.31
_bب ا
100 1 _aفاروق منصور
245 1 0 _aالامريكيون: التجربة الديمقراطية /
_cفاروق منصور
700 1 _aبورستن، دانيل، جى
300 _a821 ص
490 _aالهيئة العامة للاستعلامات
_v0
650 0 4 _aتاريخ
650 0 4 _aالاحوال الاجتماعية
650 0 4 _aالولايات المتحدة الامريكية
650 0 4 _aالاحوال الاقتصادية
650 0 4 _aالديمقراطية
942 _2ddc
_cBK
999 _c47718
_d47718